000 00691nam a22001697a 4500
005 20240716132849.0
008 240716b ||||| |||| 00| 0 eng d
020 _a9781111989811
050 _aQA531.M45(7e)
100 _9McKeague, P. Charle
245 _aTrigonometry /
_cCharles P. McKeague and Mark D. Turner
260 _aNewzealand
_bBrookecole Cengage Learning
_c2013
300 _axvi, 498 + pagings:
_bill., col. ;
_c26cm.
500 _aIncludes Appendix
505 _aContents: The six trigonometric functions -- Right triangle trigonometry -- Radian measure -- Graphing and inverse functions -- Equations -- Triangles -- Complex numbers and Polar coordinates
942 _2lcc
_cBK
999 _c10284
_d17784